<?xml version="1.0" encoding="UTF-8"?>
<record
    xmlns:xsi="http://www.w3.org/2001/XMLSchema-instance"
    xsi:schemaLocation="http://www.loc.gov/MARC21/slim http://www.loc.gov/standards/marcxml/schema/MARC21slim.xsd"
    xmlns="http://www.loc.gov/MARC21/slim">

  <leader>03471nam a2200289 a 4500</leader>
  <controlfield tag="001"> </controlfield>
  <controlfield tag="003">DO-SdBNP</controlfield>
  <controlfield tag="005">20220330091129.0</controlfield>
  <controlfield tag="007">ta</controlfield>
  <controlfield tag="008">110214s  2001    dr      r  000 0 spa d</controlfield>
  <datafield tag="020" ind1=" " ind2=" ">
    <subfield code="a">9993430218</subfield>
  </datafield>
  <datafield tag="040" ind1=" " ind2=" ">
    <subfield code="a">DO-SdBNP</subfield>
    <subfield code="b">spa</subfield>
    <subfield code="c">BPMSU</subfield>
  </datafield>
  <datafield tag="082" ind1=" " ind2="4">
    <subfield code="a">306.097293 </subfield>
    <subfield code="b">V443a 2001</subfield>
    <subfield code="2">22</subfield>
  </datafield>
  <datafield tag="100" ind1="1" ind2=" ">
    <subfield code="a">Veloz Maggiolo, Marcio,</subfield>
    <subfield code="d">1936-2021</subfield>
  </datafield>
  <datafield tag="245" ind1="1" ind2="0">
    <subfield code="a">Antropolog&#xED;a port&#xE1;til /</subfield>
    <subfield code="c">Marcio Veloz Maggiolo.</subfield>
  </datafield>
  <datafield tag="260" ind1=" " ind2=" ">
    <subfield code="a">Santo Domingo :</subfield>
    <subfield code="c">2001.</subfield>
  </datafield>
  <datafield tag="300" ind1=" " ind2=" ">
    <subfield code="a">262 p. ;</subfield>
    <subfield code="c">28 cm.</subfield>
  </datafield>
  <datafield tag="490" ind1="0" ind2=" ">
    <subfield code="a">Banco Central de la Rep&#xFA;blica Dominicana</subfield>
    <subfield code="a">Ciencias sociales</subfield>
    <subfield code="v">39/7</subfield>
    <subfield code="v"> </subfield>
  </datafield>
  <datafield tag="500" ind1=" " ind2=" ">
    <subfield code="a">Incluye datos biogr&#xE1;ficos del autor en la solapa de la cubierta </subfield>
  </datafield>
  <datafield tag="505" ind1="0" ind2=" ">
    <subfield code="a">La especie humana 11 -- Escritura y antropolog&#xED;a 15 -- Modos de hacer la historia 19 -- D&#xF3;nde insertar El Caribe 23 -- La arqueolog&#xED;a como historia 27 -- La memoria en el tiempo 31 -- El surgimiento de la vida agr&#xED;cola en el Viejo Mundo 35 -- El surgimiento de la vida agr&#xED;cola en Am&#xE9;rica 39 -- Antropolog&#xED;a del asentamiento 43 -- Distribuci&#xF3;n de espacios en los asentamientos pre-urbanos en las Antillas Precolombinas 45 -- Ecolog&#xED;a y antropolog&#xED;a: La Sabana 53 -- La vida en lo parques nacionales 57 -- La historia antigua y Parques nacionales 61 -- El Parque Nacional del Este y la floresta como laboratorio 65 -- El espacio en los asentamientos indios 69 -- Antropolog&#xED;a de los tiestos 73 -- Antropolog&#xED;a de los huesos 77 -- El Gourmet precolombino 79 -- Pipas ind&#xED;genas de Santo Domingo y Puerto Rico 83 -- Los Ta&#xED;nos, su arte y su desarrollo social 87 -- El ritual de la Cohoba en nuestros d&#xED;as 93 -- El se&#xF1;or yucador 97 -- Lo macho y lo hembra en el Arte precolombino antillano 99 -- Punta Cana: los primeros agricultores 103 -- El ritual de las hamacas 107 -- Antropolog&#xED;a y canibalismo 109 -- Polen de Zamia en la historia antigua de las Antillas 113 -- Notas sobre la Zamia en la prehistoria del Caribe 121 -- El Para&#xED;so de la fermen taci&#xF3;n 133 -- Labat: un men&#xFA; antropol&#xF3;gico 135 -- Entre el Aje y la Batata 139 -- Convivieron los Ta&#xED;nos y los Caribes? 143 -- Los cem&#xED;es o &#xED;dolos de algod&#xF3;n entre los Caribes 145 -- De d&#xF3;nde viene lo aut&#xF3;ctono 147 -- El s&#xED;ndrome de la primac&#xED;a 153 -- La Isabela: antropolog&#xED;a de vida y muerte 157 -- Yerbas y semillas nutritivas 167 -- El rito de comer tierra 169 -- El sabor de la tierra 171 -- Canolog&#xED;a del perro realengo 173 -- Antropolog&#xED;a del ruido 177 -- Discruso sobre la ciencia in&#xFA;til 181 -- Lengua e identidad 183 -- Neoliberalismo e identidades 187 -- Qu&#xED;bor y la virgen de la Altagracia 191 -- La verdad sobre la Vieja Bel&#xE9;n 195 -- El m&#xE9;dico bot&#xE1;nico criollo 199 -- Las nominaciones del diablo 201 -- Visi&#xF3;n francesa del Santo Domingo cat&#xF3;lico 207 -- La antropolog&#xED;a del cimarr&#xF3;n 211 -- El Estado dominicano, mito y cefalalgia 215 -- Mujer y antropolog&#xED;a 221 -- El Potlach: una fiesta tribal de la abundancia 225 -- Hait&#xED;: dicotom&#xED;as y coincidencias 229 -- Razones para un Himno Nacional bailable 235 -- El barrio como materia prima 241 -- Trujillo, la garra del tigre 245 -- La muerte como una moda 249 -- Pulper&#xED;a y ventorrillo, tarantines y fritangas 255 -- Andr&#xE9;s L. Mateo o la interdominicanidad 259</subfield>
  </datafield>
  <datafield tag="590" ind1=" " ind2=" ">
    <subfield code="a">Inventariado,2022/VM</subfield>
  </datafield>
  <datafield tag="650" ind1=" " ind2="4">
    <subfield code="a">Antropolog&#xED;a</subfield>
    <subfield code="z">Rep&#xFA;blica Dominicana</subfield>
  </datafield>
  <datafield tag="650" ind1=" " ind2="4">
    <subfield code="a">Indios de Santo Domingo</subfield>
    <subfield code="x">Historia    	 	 	 	 </subfield>
    <subfield code="y">&#xC9;poca precolombina, hasta 1492.</subfield>
  </datafield>
  <datafield tag="710" ind1="2" ind2=" ">
    <subfield code="a">Banco Central de la Rep&#xFA;blica Dominicana,</subfield>
  </datafield>
  <datafield tag="910" ind1=" " ind2=" ">
    <subfield code="a">VMateo V.</subfield>
  </datafield>
  <datafield tag="942" ind1=" " ind2=" ">
    <subfield code="2">ddc</subfield>
    <subfield code="c">BK</subfield>
  </datafield>
  <datafield tag="952" ind1=" " ind2=" ">
    <subfield code="0">0</subfield>
    <subfield code="1">0</subfield>
    <subfield code="2">ddc</subfield>
    <subfield code="4">0</subfield>
    <subfield code="7">0</subfield>
    <subfield code="8">CD</subfield>
    <subfield code="a">BPMET</subfield>
    <subfield code="b">BPMET</subfield>
    <subfield code="d">2022-03-30</subfield>
    <subfield code="e">Compra</subfield>
    <subfield code="l">0</subfield>
    <subfield code="o">BPMSU CD 306.097293  V443a 2001</subfield>
    <subfield code="p">BPMSU22030126</subfield>
    <subfield code="r">2022-03-30</subfield>
    <subfield code="w">2022-03-30</subfield>
    <subfield code="y">BK</subfield>
  </datafield>
  <datafield tag="999" ind1=" " ind2=" ">
    <subfield code="c">14122</subfield>
    <subfield code="d">14122</subfield>
  </datafield>
</record>
